Guardie e ladri /

Salvato in:
Dettagli Bibliografici
Altri autori: Flaiano, Ennio, Monicelli, Mario, Brancati, Vitaliano, Steno, (1915-1988), Maccari, Ruggero, Totò, Bava, Mario, Cicognini, Alessandro, Fabrizi, Aldo, Ninchi, Ave
Natura: Videodisco
Lingua:italiano
Pubblicazione: Milano : Corriere della sera, c2003
Serie:Il meglio di Toto ; 2
Tags: Aggiungi Tag
Nessun Tag, puoi essere il primo ad aggiungerne!!

MARC

LEADER 00000ngm a2200000 i 4500
001 IT\ICCU\LO1\0785387
003 ItRI
005 20260124182847.0
008 031031s2003 it |||||||||||||||k|||||c
040 |b ita 
041 7 |a ita  |2 ISO-639-2 
130 0 |a Guardie e ladri <film ; 1951>  |3 IT\ICCU\RAV\1208007 
245 0 0 |a Guardie e ladri /  |c regia Mario Monicelli, Steno ; soggetto Piero Tellini ; sceneggiatura Vitaliano Brancati, Aldo Fabrizi, Ennio Flaiano, Ruggero Maccari, Mario Monicelli, Steno. 
246 1 3 |a Guardie e ladri <videoregistrazione>  |9 IT\ICCU\RAV\1208013 
260 |a Milano :  |b Corriere della sera,  |c c2003 
300 |a 1 videocassetta (VHS) (100 min.) :  |b b/n., son 
500 |a Tit. del contenitore 
500 |a Ripr. del film del 1951; interpreti: Toto, Aldo Fabrizi, Ave Ninchi 
500 |a Suppl. a Il Corriere della sera. 
700 1 |a Flaiano, Ennio  |0 IT\ICCU\CFIV\012675 
700 1 |a Monicelli, Mario  |0 IT\ICCU\CFIV\020193 
700 1 |a Brancati, Vitaliano  |0 IT\ICCU\CFIV\028621 
700 0 |a Steno,  |d  (1915-1988)  |0 IT\ICCU\RAVV\030365 
700 1 |a Maccari, Ruggero  |0 IT\ICCU\RAVV\054156 
700 0 |a Totò  |0 IT\ICCU\RAVV\067754 
700 1 |a Bava, Mario  |0 IT\ICCU\RAVV\094841 
700 1 |a Cicognini, Alessandro  |0 IT\ICCU\RAVV\100828 
700 1 |a Fabrizi, Aldo  |0 IT\ICCU\SBLV\159603 
700 1 |a Ninchi, Ave  |0 IT\ICCU\SBLV\257815 
790 1 |a Vanzina, Stefano  |3 IT\ICCU\CFIV\132453  |z Steno (1915-1988) 
790 1 |a De Curtis, Antonio  |3 IT\ICCU\RAVV\067755  |z Totò 
790 1 |a Old, John  |3 IT\ICCU\SBNV\002543  |z Bava, Mario 
790 0 |a Icini  |3 IT\ICCU\SBNV\033239  |z Cicognini, Alessandro 
790 1 |a Cini, A.  |3 IT\ICCU\SBNV\033240  |z Cicognini, Alessandro 
790 1 |a Icini, A.  |3 IT\ICCU\SBNV\033241  |z Cicognini, Alessandro 
790 1 |a Icini, C.  |3 IT\ICCU\SBNV\033242  |z Cicognini, Alessandro 
830 3 |a Il meglio di Toto ;  |v 2  |0 IT\ICCU\MOD\0823847 
942 |2 ddc  |c VM  |n 0 
952 |0 0  |1 0  |4 0  |6 VO_2068_000000000000000  |7 0  |9 27134  |a BO  |b BO  |d 2026-01-24  |i 16955  |l 0  |o VO 2068  |p BO16955  |r 2026-01-24 18:28:47  |w 2026-01-24  |x [Sebina 5] [1 videocassetta]  |y VM  |z 1 videocassetta 
999 |c 22968  |d 22968